[Event "9th Sunway Sitges 2022"]
[Site "Sitges ESP"]
[Date "2022.12.15"]
[Round "4.76"]
[White "Bhambure, Shantanu"]
[Black "Fanninger, Leon"]
[Result "1-0"]
[WhiteTitle "FM"]
[WhiteElo "2306"]
[BlackElo "2136"]
[WhiteFideId "5025931"]
[BlackFideId "1649400"]
[EventDate "2022.12.12"]

1. d4 Nf6 2. c4 g6 3. f3 Bg7 4. e4 d6 5. Nc3 O-O 6. Nge2 a6 7. Be3 b5 8. cxb5
axb5 9. Nxb5 c6 10. Nbc3 Nbd7 11. Nc1 e5 12. Be2 d5 13. exd5 Nxd5 14. Nxd5 cxd5
15. O-O Re8 16. Qd2 Qf6 17. Nb3 Ba6 18. Bxa6 Rxa6 19. Rfe1 e4 20. fxe4 Rxe4 21.
Bf2 Rxe1+ 22. Qxe1 Re6 23. Qd2 Nb6 24. Nc5 Nc4 25. Qd3 Re7 26. b3 Nd6 27. Qa6
Bh6 28. Rd1 Be3 29. Bxe3 Rxe3 30. Nb7 Re6 31. Nxd6 Rxd6 32. Qd3 Re6 33. a4 Qh4
34. h3 Re4 35. Qd2 Qe7 36. Rf1 Re2 37. Qf4 Re4 38. Qf6 Qb7 39. Rf3 Re6 40. Qd8+
Kg7 41. Kh2 Qc6 42. Qb8 Re8 43. Qf4 f5 44. Re3 Re4 45. Rxe4 dxe4 46. a5 Qc3 47.
a6 e3 48. Qe5+ Kh6 49. a7 e2 50. a8=Q e1=Q 51. Qf8+ Kg5 1-0

[Event "9th Sunway Sitges 2022"]
[Site "Sitges ESP"]
[Date "2022.12.15"]
[Round "4.77"]
[White "Lim, Zhuo Ren"]
[Black "Arhan, Chethan Anand"]
[Result "0-1"]
[WhiteTitle "FM"]
[WhiteElo "2305"]
[BlackElo "2112"]
[WhiteFideId "5702488"]
[BlackFideId "45062510"]
[EventDate "2022.12.12"]

1. d4 d5 2. c4 c6 3. Nf3 Nf6 4. Nc3 e6 5. g3 dxc4 6. Bg2 Nbd7 7. O-O b5 8. Ne5
Nxe5 9. dxe5 Qxd1 10. Rxd1 Nd5 11. a4 b4 12. Ne4 Ba6 13. Bf3 O-O-O 14. Ng5 Rd7
15. e4 h6 16. exd5 cxd5 17. Nh3 Bc5 18. Nf4 Rhd8 19. Nh5 d4 20. Bc6 Rc7 21. Be4
d3 22. Bd2 Bd4 23. Bxb4 Bxb2 24. Ba5 c3 25. Bxc7 Kxc7 26. Nf4 c2 27. Rac1 Bxc1
28. Rxc1 d2 29. Rxc2+ Kb6 30. Bf3 d1=Q+ 31. Bxd1 Rxd1+ 32. Kg2 Re1 33. a5+ Kxa5
34. Rc7 g5 35. Nh5 Bf1+ 0-1

[Event "9th Sunway Sitges 2022"]
[Site "Sitges ESP"]
[Date "2022.12.15"]
[Round "4.78"]
[White "Mahitosh, Dey"]
[Black "Blasco Coll, Andreu"]
[Result "1/2-1/2"]
[WhiteTitle "FM"]
[BlackTitle "CM"]
[WhiteElo "2134"]
[BlackElo "2294"]
[WhiteFideId "25091468"]
[BlackFideId "22272836"]
[EventDate "2022.12.12"]

1. d4 d5 2. Nf3 Nf6 3. c3 Bf5 4. Qb3 Qc8 5. c4 e6 6. Nc3 c6 7. Bf4 Be7 8. h3 h6
9. g4 Bh7 10. Bg2 Nbd7 11. cxd5 exd5 12. Rc1 Nb6 13. Nb5 O-O 14. Nc7 Rb8 15. Nb5
Ra8 16. Nc7 Rb8 17. Nb5 Ra8 18. Nc7 1/2-1/2

[Event "9th Sunway Sitges 2022"]
[Site "Sitges ESP"]
[Date "2022.12.15"]
[Round "4.79"]
[White "Yordanov, Lachezar"]
[Black "Rodriguez Diaz, Javier"]
[Result "1-0"]
[WhiteTitle "FM"]
[WhiteElo "2294"]
[BlackElo "2084"]
[WhiteFideId "2918927"]
[BlackFideId "32044186"]
[EventDate "2022.12.12"]

1. d4 Nf6 2. c4 e6 3. Nc3 Bb4 4. e3 O-O 5. Bd3 d5 6. a3 Bxc3+ 7. bxc3 dxc4 8.
Bxc4 c5 9. Ne2 b6 10. O-O Qc7 11. Bd3 Ba6 12. e4 Bxd3 13. Qxd3 cxd4 14. cxd4
Nbd7 15. Bd2 Rac8 16. Rac1 Qb7 17. f3 Rxc1 18. Rxc1 Rc8 19. Rc3 Nb8 20. Bf4 Rxc3
21. Nxc3 Nc6 22. Be3 h6 23. h3 Ne7 24. Qc4 Qd7 25. a4 Qb7 26. Nb5 a6 27. Qc7 Qc6
28. Qxc6 Nxc6 29. Nc3 Nb4 30. Kf1 Kf8 31. Ke2 Ke8 32. g4 Kd7 33. h4 Kc6 34. h5
b5 35. axb5+ axb5 36. Kd2 Na6 37. Kc2 Nc7 38. Kb3 Ng8 39. Kb4 Nf6 40. Bf4 Nfe8
41. Ka5 Nf6 42. Bxc7 Kxc7 43. Kxb5 g6 44. e5 Ng8 45. Ne4 gxh5 46. gxh5 Kd8 47.
Kc5 Kd7 48. Kc4 Ke7 49. Kd3 Kf8 50. Ke3 Ne7 51. Nf6 Kg7 52. Ke4 Kf8 53. d5 exd5+
54. Nxd5 Nc6 55. f4 Nd8 56. Ne3 Kg7 57. Nf5+ Kh7 58. Nd4 Kg8 59. Kd5 Kf8 60. f5
Ke8 61. Kd6 Nb7+ 62. Kc6 Nd8+ 63. Kc7 Ke7 64. f6+ Ke8 65. Kc8 1-0

[Event "9th Sunway Sitges 2022"]
[Site "Sitges ESP"]
[Date "2022.12.15"]
[Round "4.80"]
[White "Itzhaky, Shmuel"]
[Black "Milat, Marcel"]
[Result "0-1"]
[BlackTitle "FM"]
[WhiteElo "2109"]
[BlackElo "2290"]
[WhiteFideId "2810140"]
[BlackFideId "2602105"]
[EventDate "2022.12.12"]

1. d4 Nf6 2. Bg5 e6 3. e4 c5 4. d5 Qb6 5. Nc3 Qxb2 6. Bd2 Qb6 7. f4 d6 8. Rb1
Qc7 9. Bb5+ Nbd7 10. dxe6 fxe6 11. Nf3 a6 12. Bc4 Nb6 13. Be2 Be7 14. a4 Qc6 15.
e5 Nfd5 16. exd6 Qxd6 17. Ne4 Qc7 18. Ne5 O-O 19. O-O Nd7 20. Nc4 Nxf4 21. Bg4
b5 22. Bxf4 Rxf4 23. Bxe6+ Kh8 24. Ncd6 Rxf1+ 25. Kxf1 Nf6 26. Nf7+ Kg8 27.
Nxf6+ Bxf6 28. Qd5 Bxe6 29. Nh6+ gxh6 30. Qxa8+ Kg7 31. Qxa6 Qf4+ 32. Kg1 Bd4+
33. Kh1 Be5 34. Qb7+ Kg6 35. g3 Qd4 36. c4 Bxc4 37. Qc6+ Bf6 38. Qe8+ Kg7 0-1

[Event "9th Sunway Sitges 2022"]
[Site "Sitges ESP"]
[Date "2022.12.15"]
[Round "4.81"]
[White "Coles, Ruben"]
[Black "Pogorelov, Ruslan"]
[Result "1/2-1/2"]
[BlackTitle "GM"]
[WhiteElo "2098"]
[BlackElo "2288"]
[WhiteFideId "551017822"]
[BlackFideId "14100363"]
[EventDate "2022.12.12"]

1. e4 c5 2. Nf3 e6 3. b3 Nf6 4. e5 Nd5 5. Bb2 Be7 6. g3 O-O 7. Bg2 Nc6 8. O-O f6
9. c4 Ndb4 10. d3 Nxe5 11. Nxe5 fxe5 12. Bxe5 Bf6 13. Bc3 d6 14. Qd2 Nc6 15.
Bxf6 Qxf6 16. Nc3 Nd4 17. Ne4 Qe7 18. f4 Bd7 19. Rae1 h6 20. Nc3 Bc6 21. Be4 g5
22. Ne2 Qg7 23. Nxd4 Qxd4+ 24. Qf2 Rae8 25. Qxd4 cxd4 26. Bxc6 bxc6 27. fxg5
Rxf1+ 28. Kxf1 hxg5 29. Re4 c5 30. Rg4 Rf8+ 31. Ke2 Rf5 32. h4 Kf7 33. Rxg5 Rxg5
34. hxg5 Kg6 35. a3 a5 36. Kf3 Kxg5 37. g4 Kf6 38. Kf4 Kg6 39. Ke4 Kf6 40. Kf4
Kg6 41. Ke4 Kg5 42. Kf3 Kg6 43. Ke4 Kg5 1/2-1/2

[Event "9th Sunway Sitges 2022"]
[Site "Sitges ESP"]
[Date "2022.12.15"]
[Round "4.82"]
[White "Kristoferitsch, Daniel"]
[Black "Hapala, Elisabeth"]
[Result "1-0"]
[WhiteTitle "FM"]
[BlackTitle "WFM"]
[WhiteElo "2286"]
[BlackElo "2075"]
[WhiteFideId "1642650"]
[BlackFideId "1622080"]
[EventDate "2022.12.12"]

1. d4 Nf6 2. c4 e6 3. Nf3 Bb4+ 4. Nbd2 O-O 5. a3 Be7 6. e4 d6 7. Be2 c5 8. d5
exd5 9. cxd5 Bg4 10. O-O Re8 11. b3 Bf8 12. Bd3 Nbd7 13. Qc2 b5 14. Ne1 c4 15.
bxc4 bxc4 16. Nxc4 Nc5 17. f3 Bd7 18. a4 Rc8 19. Bd2 Nxd3 20. Nxd3 g6 21. Qb3
Rb8 22. Qa2 Nh5 23. Rae1 Qh4 24. Be3 Rec8 25. Bxa7 Bg7 26. Bf2 Qe7 27. Rc1 Rb7
28. Nb6 Rcb8 29. a5 Bb5 30. Qb3 Ba6 31. Rfe1 Bh6 32. Rc2 Bxd3 33. Qxd3 Nf4 34.
Qf1 Qd8 35. Kh1 Rxb6 36. axb6 Rxb6 37. Bxb6 Qxb6 38. Qg1 Qd8 39. Rec1 Qf6 40.
Rc8+ Kg7 41. Rd1 1-0

[Event "9th Sunway Sitges 2022"]
[Site "Sitges ESP"]
[Date "2022.12.15"]
[Round "4.83"]
[White "Oliver Amengual, Adria"]
[Black "Schulze, Lara"]
[Result "1/2-1/2"]
[BlackTitle "FM"]
[WhiteElo "1856"]
[BlackElo "2284"]
[WhiteFideId "2204681"]
[BlackFideId "12956830"]
[EventDate "2022.12.12"]

1. d4 d5 2. c4 e6 3. Nc3 a6 4. cxd5 exd5 5. Bf4 Nf6 6. e3 Bd6 7. Bg5 c6 8. Bd3
O-O 9. Nge2 Re8 10. Qc2 h6 11. Bh4 a5 12. a3 Na6 13. Bg3 Nc7 14. O-O Bxg3 15.
Nxg3 h5 16. h3 h4 17. Nge2 Ne6 18. Rad1 Qe7 19. e4 dxe4 20. Nxe4 Nxe4 21. Bxe4
Ng5 22. Bd3 Bd7 23. Rfe1 Qf6 24. f4 Ne6 25. Rf1 Nc7 26. Be4 Be6 27. f5 Bd5 28.
Nc3 Rad8 29. Rf4 Re7 30. Qf2 Rde8 31. Bxd5 Nxd5 32. Nxd5 cxd5 33. Qxh4 Qxh4 34.
Rxh4 Re1+ 35. Rxe1 Rxe1+ 36. Kh2 Rb1 37. f6 g6 38. Rg4 Rxb2 39. Rg5 Rb5 40. a4
Rb4 41. Rxd5 Rxa4 42. Rd8+ Kh7 43. Rd7 Rb4 44. Rxf7+ Kg8 45. Rg7+ Kf8 46. d5 a4
47. d6 a3 48. d7 Rd4 49. Rh7 a2 50. Rh8+ Kf7 51. Ra8 Rxd7 52. Rxa2 Kxf6 53. Rb2 1/2-1/2

[Event "9th Sunway Sitges 2022"]
[Site "Sitges ESP"]
[Date "2022.12.15"]
[Round "4.84"]
[White "Jimenez Fernandez, Rebeca"]
[Black "Castellanos Gomez, Alejandro"]
[Result "1/2-1/2"]
[WhiteTitle "WFM"]
[BlackTitle "FM"]
[WhiteElo "2040"]
[BlackElo "2277"]
[WhiteFideId "32070934"]
[BlackFideId "22284141"]
[EventDate "2022.12.12"]

1. e4 e6 2. d4 d5 3. exd5 exd5 4. Bd3 Bd6 5. Ne2 Ne7 6. O-O O-O 7. Bf4 Bf5 8.
Bxd6 Qxd6 9. c3 Bxd3 10. Qxd3 c6 11. Nd2 Nd7 12. Ng3 Ng6 13. Nf3 Nf6 14. Rfe1
Rfe8 15. Rxe8+ Rxe8 16. Re1 Rxe1+ 17. Nxe1 Qe7 18. Qe2 Qxe2 19. Nxe2 Kf8 20. Nf3
h6 21. Kf1 Nd7 22. Ng3 Ne7 23. h3 g6 24. Ne2 Kg7 25. g3 f6 26. Kg2 Kf7 27. Kh2
Nf8 28. Kg2 Ke6 29. Nf4+ Kf7 30. Ne2 Ke6 31. Nf4+ Kf7 32. Ne2 Ke6 1/2-1/2

[Event "9th Sunway Sitges 2022"]
[Site "Sitges ESP"]
[Date "2022.12.15"]
[Round "4.85"]
[White "Torngren, Gustav"]
[Black "Vignesh, B"]
[Result "1-0"]
[WhiteTitle "FM"]
[WhiteElo "2275"]
[BlackElo "2032"]
[WhiteFideId "1728970"]
[BlackFideId "35051555"]
[EventDate "2022.12.12"]

1. c4 Nf6 2. Nc3 c5 3. Nf3 Nc6 4. e3 g6 5. d4 cxd4 6. exd4 d6 7. d5 Nb8 8. h3
Bg7 9. Be2 O-O 10. O-O a5 11. Be3 Na6 12. Nd4 Nc5 13. Bf3 Nfd7 14. Re1 a4 15.
Rc1 Ne5 16. Be2 f5 17. Qd2 Ne4 18. Nxe4 fxe4 19. Bf1 Bd7 20. Ne6 Bxe6 21. dxe6
Nc6 22. b4 axb3 23. axb3 Qa5 24. Qd5 Qb4 25. Qxe4 Ra3 26. Rb1 Rf5 27. Qd3 Ra2
28. Re2 Rfa5 29. Bd2 Rxd2 30. Qxd2 Bc3 31. Qf4 Rf5 32. Qh4 Bf6 33. Qe4 Re5 34.
Qd3 Ra5 35. Re4 Ra2 36. h4 Rd2 37. Qg3 Qc5 38. Qf4 Rb2 39. Rd1 Qb4 40. h5 g5 41.
Qf3 Kg7 42. h6+ Kxh6 43. Bd3 Qc5 44. Re2 g4 45. Qf4+ Kh5 46. Qh2+ 1-0

[Event "9th Sunway Sitges 2022"]
[Site "Sitges ESP"]
[Date "2022.12.15"]
[Round "4.86"]
[White "Benmesbah, Natacha"]
[Black "Khandhar, Kaushal"]
[Result "1-0"]
[WhiteTitle "WIM"]
[WhiteElo "2268"]
[BlackElo "2020"]
[WhiteFideId "642002"]
[BlackFideId "5702763"]
[EventDate "2022.12.12"]

1. e4 e6 2. Qe2 c5 3. Nf3 Nc6 4. g3 g6 5. Bg2 Bg7 6. O-O Nge7 7. c3 d5 8. exd5
exd5 9. d4 cxd4 10. Nxd4 Nxd4 11. cxd4 h6 12. Nc3 O-O 13. Bf4 Be6 14. Rad1 Nc6
15. Qd2 Kh7 16. Nb5 Rc8 17. Bd6 Rg8 18. Bf4 a6 19. Nc3 b5 20. Be3 Qd7 21. Rc1
Ne7 22. Ne2 Nf5 23. Nf4 Rxc1 24. Rxc1 Rc8 25. Rxc8 Qxc8 26. Nxd5 Bxd5 27. Bxd5
Qd7 28. Be4 Nxd4 29. h4 f5 30. Bg2 h5 31. Kh2 Qd6 32. Qc1 Ne2 33. Qc2 Nd4 34.
Qc8 Ne6 35. Ba7 Bxb2 36. Bb8 Qe7 37. Bd5 Nf8 38. Qxa6 Bd4 39. Bd6 Qd7 1-0

[Event "9th Sunway Sitges 2022"]
[Site "Sitges ESP"]
[Date "2022.12.15"]
[Round "4.87"]
[White "Ruiz Buendia, Miguel"]
[Black "Hiren, K G"]
[Result "1-0"]
[WhiteTitle "FM"]
[WhiteElo "2257"]
[BlackElo "1965"]
[WhiteFideId "24537675"]
[BlackFideId "35053400"]
[EventDate "2022.12.12"]

1. e4 c5 2. Nf3 a6 3. c4 e6 4. Nc3 d6 5. d4 cxd4 6. Nxd4 Nf6 7. Be2 Be7 8. O-O
Qc7 9. f4 Nbd7 10. Be3 b6 11. Rc1 Bb7 12. Bf3 h5 13. Nd5 exd5 14. cxd5 Qb8 15.
Nc6 Bxc6 16. dxc6 Ne5 17. fxe5 dxe5 18. c7 Qb7 19. Qb3 b5 20. Qc3 O-O 21. Qxe5
Rae8 22. Qd4 Qc8 23. e5 Nd7 24. Bc6 Bc5 25. Rxc5 Nxc5 26. Qxc5 Re6 27. Bd5 Ree8
28. Qd6 Qg4 29. e6 Qe2 30. exf7+ Kh7 31. Be4+ Kh8 32. Qh6+ 1-0

[Event "9th Sunway Sitges 2022"]
[Site "Sitges ESP"]
[Date "2022.12.15"]
[Round "4.88"]
[White "Ryan, Joseph"]
[Black "Mompel Ferruz, Xavier"]
[Result "1/2-1/2"]
[WhiteTitle "FM"]
[WhiteElo "2249"]
[BlackElo "1953"]
[WhiteFideId "2500426"]
[BlackFideId "54585775"]
[EventDate "2022.12.12"]

1. e4 c5 2. Nf3 e6 3. b3 b6 4. Bb2 Bb7 5. Nc3 Nc6 6. d4 cxd4 7. Nxd4 Nxd4 8.
Qxd4 Nf6 9. f3 Bc5 10. Qd2 O-O 11. O-O-O Qe7 12. g4 Rfd8 13. g5 Ne8 14. Kb1 d5
15. exd5 Bxd5 16. Qg2 Bc6 17. Bd3 Be3 18. h4 Rac8 19. Be4 Bxe4 20. Nxe4 Rxd1+
21. Rxd1 Rd8 22. Qe2 Bf4 23. Rd3 Qc7 24. a4 Rxd3 25. Qxd3 Nd6 26. Ka2 Nxe4 27.
Qxe4 Qb8 28. Qd4 e5 29. Qd5 Qc8 30. c4 Qb8 31. a5 g6 32. a6 Qc8 33. Ba3 h6 34.
Qb7 Qd8 35. Qxa7 Qd2+ 36. Bb2 Qa5+ 37. Kb1 Qe1+ 38. Ka2 Qa5+ 39. Kb1 1/2-1/2

[Event "9th Sunway Sitges 2022"]
[Site "Sitges ESP"]
[Date "2022.12.15"]
[Round "4.89"]
[White "Arvind Ramnath Iyer"]
[Black "Aditya, Varun Gampa"]
[Result "0-1"]
[WhiteElo "1834"]
[BlackElo "2249"]
[WhiteFideId "5062160"]
[BlackFideId "45066183"]
[EventDate "2022.12.12"]

1. e4 c5 2. Nf3 e6 3. d4 cxd4 4. Nxd4 a6 5. Nc3 b5 6. Be3 Bb7 7. Qd3 Qc7 8.
O-O-O Nf6 9. f3 b4 10. Nce2 e5 11. Nf5 d5 12. exd5 Bxd5 13. Bg5 Nbd7 14. Bxf6
Nxf6 15. Ne3 Bxa2 16. b3 Bc5 17. Nc4 O-O 18. Qf5 a5 19. Qxe5 Qa7 20. Qa1 Bxb3
21. cxb3 a4 22. Kb1 Qb7 23. Qe5 Rfc8 24. Nc1 Bb6 25. Bd3 Rc5 26. Qe1 Qa7 27.
Nxb6 Qxb6 28. Qe7 Nd5 29. Bxh7+ Kxh7 30. Qe4+ Qg6 31. Qxg6+ Kxg6 32. Ne2 Nc3+
33. Nxc3 bxc3 34. Rd6+ f6 35. bxa4 Rxa4 36. Rc1 Rb4+ 37. Kc2 Rb2+ 38. Kd1 Rxg2
39. Rc2 Rxc2 40. Kxc2 Kf5 41. Rd4 g5 42. h4 Re5 43. hxg5 fxg5 44. Kxc3 Re3+ 45.
Kd2 Rxf3 46. Ke2 g4 47. Ra4 Kg5 48. Ra8 Kh4 49. Rh8+ Kg3 50. Rg8 Rf7 51. Rg6 Kh3
52. Ke3 g3 53. Rh6+ Kg2 54. Rg6 Kh2 55. Rh6+ Kg1 0-1

[Event "9th Sunway Sitges 2022"]
[Site "Sitges ESP"]
[Date "2022.12.15"]
[Round "4.90"]
[White "Prudhvi, Kumar V"]
[Black "Oswaldo Valentin, Requejo Cotrin"]
[Result "1-0"]
[BlackTitle "FM"]
[WhiteElo "1733"]
[BlackElo "2248"]
[WhiteFideId "25044788"]
[BlackFideId "3800423"]
[EventDate "2022.12.12"]

1. d4 Nf6 2. c4 g6 3. Nc3 Bg7 4. e4 O-O 5. g3 d6 6. Bg2 e5 7. Nge2 Nc6 8. d5 Nd4
9. O-O c6 10. dxc6 bxc6 11. Nxd4 exd4 12. Qxd4 Nd5 13. Qd3 Nxc3 14. bxc3 Qc7 15.
Ba3 Rd8 16. Rfd1 Bf8 17. e5 Bg4 18. exd6 Bxd1 19. Rxd1 Qd7 20. c5 Rab8 21. Bb4
Rdc8 22. Qa6 Bg7 23. Re1 Bf8 24. h4 Qb7 25. Qxb7 Rxb7 26. Bh3 Ra8 27. Ba5 f5 28.
Bg2 Rc8 29. Bf1 Rcb8 30. Bc4+ Kg7 31. Bb3 Rc8 32. Rd1 Rbb8 33. d7 Rd8 34. Bxd8
Rxd8 35. Ba4 Bxc5 36. Bxc6 Kf7 37. Rd5 Be7 38. Rb5 Bf6 39. c4 Ke7 40. Rd5 Rb8
41. Bb5 Kd8 42. Rd6 Rb6 43. Rxb6 axb6 44. Kg2 Bd4 45. f3 Bf6 46. Kh3 Bc3 47. g4
fxg4+ 48. Kxg4 Bd2 49. f4 Bb4 50. f5 gxf5+ 51. Kxf5 h6 52. h5 Bc3 53. Ke6 Kc7
54. a4 Bb4 55. Kd5 Ba5 56. c5 bxc5 57. Kxc5 Bd2 58. Bc6 Be1 59. Kb5 Kd8 60. a5
Bf2 61. a6 Ke7 62. Kc4 1-0

[Event "9th Sunway Sitges 2022"]
[Site "Sitges ESP"]
[Date "2022.12.15"]
[Round "4.91"]
[White "Sieber, Fiona"]
[Black "Uber Gracia, Hugo"]
[Result "1-0"]
[WhiteTitle "WIM"]
[WhiteElo "2245"]
[BlackElo "1931"]
[WhiteFideId "12902373"]
[BlackFideId "54720079"]
[EventDate "2022.12.12"]

1. e4 c6 2. d4 d5 3. e5 Bf5 4. h4 h5 5. c4 e6 6. Nc3 dxc4 7. Bxc4 Nd7 8. Nge2
Nb6 9. Bd3 Bxd3 10. Qxd3 Ne7 11. Bg5 Qd7 12. O-O Nf5 13. Ne4 Be7 14. Bxe7 Qxe7
15. N2g3 Nxh4 16. Nd6+ Kf8 17. f4 g6 18. a4 Nd5 19. a5 a6 20. Ra3 Nf5 21. Nge4
Qh4 22. Qd2 Qg4 23. Nxb7 h4 24. Rh3 Rb8 25. Nbc5 Nfe3 26. Rxe3 Nxe3 27. Qxe3 h3
28. g3 Rxb2 29. Nxe6+ Qxe6 30. Qa3+ Kg7 31. Qxb2 Qd5 32. Re1 Qxa5 33. Re2 Qa4
34. Kh2 Qd1 35. Nf6 Rd8 36. Rd2 Qf3 37. Qb6 Ra8 38. d5 cxd5 39. Nxd5 Rc8 40.
Qf6+ Kh6 41. Ne7 Qg4 42. Qg5+ Qxg5 43. fxg5+ 1-0

[Event "9th Sunway Sitges 2022"]
[Site "Sitges ESP"]
[Date "2022.12.15"]
[Round "4.92"]
[White "Rakshitta, Ravi"]
[Black "Villa Tornero, Alex"]
[Result "1-0"]
[WhiteTitle "WIM"]
[WhiteElo "2242"]
[BlackElo "1925"]
[WhiteFideId "25073230"]
[BlackFideId "54501091"]
[EventDate "2022.12.12"]

1. e4 c6 2. d4 d5 3. e5 Bf5 4. h4 h5 5. Bd3 Bxd3 6. Qxd3 Qa5+ 7. Nd2 e6 8. Nf3
Nh6 9. O-O Nf5 10. Nb3 Qa6 11. Qd1 Nd7 12. Bg5 c5 13. dxc5 Bxc5 14. Nxc5 Nxc5
15. Nd2 Nd7 16. Re1 f6 17. Bf4 O-O 18. Qxh5 Qb6 19. Nf3 Rac8 20. c3 Rc4 21. Be3
Qc7 22. Bd4 fxe5 23. Nxe5 Nxe5 24. Bxe5 Qb6 25. Qg5 Rf7 26. Re2 Qa6 27. Rae1 Nh6
28. Bxg7 Rxg7 29. Qxh6 Rcg4 30. Rxe6 Rxg2+ 31. Kh1 R2g6 32. Re8+ Kf7 33. R1e7+ 1-0

[Event "9th Sunway Sitges 2022"]
[Site "Sitges ESP"]
[Date "2022.12.15"]
[Round "4.93"]
[White "Lye, Lik Zang"]
[Black "Kratz, Jonathan"]
[Result "1-0"]
[WhiteTitle "FM"]
[WhiteElo "2241"]
[BlackElo "1514"]
[WhiteFideId "5712181"]
[BlackFideId "651081628"]
[EventDate "2022.12.12"]

1. d4 d5 2. c4 c6 3. Nc3 Nf6 4. e3 e6 5. Nf3 Nbd7 6. Qc2 Bd6 7. b3 O-O 8. Bd3 e5
9. dxe5 Nxe5 10. Nxe5 Bxe5 11. Bb2 d4 12. exd4 Bxd4 13. O-O-O Qb6 14. Kb1 c5 15.
f3 a5 16. g4 g6 17. h4 Ra6 18. h5 Bxc3 19. Bxc3 Nd7 20. Be4 Rd8 21. hxg6 fxg6
22. Bd5+ Kf8 23. Rxh7 1-0

[Event "9th Sunway Sitges 2022"]
[Site "Sitges ESP"]
[Date "2022.12.15"]
[Round "4.94"]
[White "Morais, Miguel Almeida"]
[Black "Wagh, Suyog"]
[Result "1/2-1/2"]
[BlackTitle "FM"]
[WhiteElo "1844"]
[BlackElo "2376"]
[WhiteFideId "1960687"]
[BlackFideId "25071688"]
[EventDate "2022.12.12"]

1. d4 Nf6 2. c4 e6 3. Nc3 Bb4 4. f3 d5 5. a3 Bxc3+ 6. bxc3 c5 7. cxd5 Nxd5 8.
dxc5 Qa5 9. e4 Ne7 10. Be3 O-O 11. Qb3 Qc7 12. Bb5 Rd8 13. Ne2 Bd7 14. O-O Bxb5
15. Qxb5 Nd7 16. Rab1 Rab8 17. Rfd1 a6 18. Qb4 Nc6 19. Qb3 Na5 20. Qb4 Nc6 21.
Qb3 Na5 22. Qb4 Nc6 1/2-1/2

[Event "9th Sunway Sitges 2022"]
[Site "Sitges ESP"]
[Date "2022.12.15"]
[Round "4.95"]
[White "Sperat Czar, Nicolas"]
[Black "Nevednichy, Vladislav"]
[Result "0-1"]
[BlackTitle "GM"]
[WhiteElo "2047"]
[BlackElo "2502"]
[WhiteFideId "551007827"]
[BlackFideId "1205730"]
[EventDate "2022.12.12"]

1. e4 g6 2. d4 Bg7 3. Nc3 d6 4. Be3 a6 5. Qd2 b5 6. f3 Bb7 7. h4 h6 8. O-O-O Nd7
9. Kb1 Nb6 10. Bd3 e6 11. g4 Ne7 12. Nh3 b4 13. Ne2 a5 14. h5 g5 15. f4 gxf4 16.
Nhxf4 d5 17. e5 Nc4 18. Bxc4 dxc4 19. Rhf1 Be4 20. Ka1 c3 21. bxc3 Nd5 22. c4
Nb6 23. c5 Nc4 24. Qc1 a4 25. Rd3 b3 26. cxb3 Bxd3 27. bxc4 Bh7 28. Nc3 c6 29.
Qd2 Qa5 30. Nfe2 a3 31. Ng3 Rd8 32. Nce4 Qxd2 33. Nxd2 Bd3 34. Rc1 f6 35. Rc3
Bh7 36. Rxa3 fxe5 37. Nde4 exd4 38. Bd2 O-O 39. Ra6 d3+ 40. Kb1 Bxe4 0-1

[Event "9th Sunway Sitges 2022"]
[Site "Sitges ESP"]
[Date "2022.12.15"]
[Round "4.96"]
[White "Nandhidhaa, P V"]
[Black "Moracchini, Margaux"]
[Result "1-0"]
[WhiteTitle "WGM"]
[WhiteElo "2358"]
[BlackElo "2046"]
[WhiteFideId "5050847"]
[BlackFideId "36018198"]
[EventDate "2022.12.12"]

1. e4 c5 2. Nf3 d6 3. d4 cxd4 4. Nxd4 Nf6 5. Nc3 a6 6. Be3 e5 7. Nb3 Be6 8. h3
Be7 9. Qf3 b5 10. O-O-O Nbd7 11. Nd5 Bxd5 12. exd5 O-O 13. Kb1 Nb6 14. g4 Nc4
15. Bc1 a5 16. Nd2 Qc7 17. Ne4 Rfc8 18. Nxf6+ Bxf6 19. Bd3 Qd8 20. h4 a4 21. g5
Be7 22. Qe4 g6 23. h5 Bxg5 24. hxg6 hxg6 25. Rhg1 Bf6 26. Rxg6+ fxg6 27. Qxg6+
Bg7 28. Rh1 1-0

[Event "9th Sunway Sitges 2022"]
[Site "Sitges ESP"]
[Date "2022.12.15"]
[Round "4.97"]
[White "Le Pen, Steven"]
[Black "Garcia Molina, Jose"]
[Result "1/2-1/2"]
[BlackTitle "FM"]
[WhiteElo "2038"]
[BlackElo "2357"]
[WhiteFideId "612197"]
[BlackFideId "32030592"]
[EventDate "2022.12.12"]

1. e4 c5 2. Nf3 d6 3. d4 cxd4 4. Nxd4 Nf6 5. Nc3 a6 6. Be3 e5 7. Nb3 Be6 8. f3
Nbd7 9. Qd2 Be7 10. O-O-O b5 11. g4 Nb6 12. Qf2 Rb8 13. Nc5 Bc8 14. g5 Nh5 15.
Kb1 O-O 16. Rg1 Nc4 17. Bxc4 bxc4 18. N5a4 Be6 19. Nd5 Bxd5 20. Rxd5 Qc7 21. Qd2
Rfc8 22. Qa5 Qc6 23. Nc3 g6 24. Qa3 Qb7 25. Ka1 Rc6 26. Rb1 Qc7 27. Qa5 Qc8 28.
Rd2 Ng7 29. Nd5 Bd8 30. Qa3 Ne6 31. Nb4 Rc7 32. c3 a5 33. Nd5 Rc6 34. h4 Qa6 35.
Qa4 Nc7 36. Nxc7 Bxc7 37. Rd5 Qb7 38. b4 cxb3 39. Rxb3 Qa6 40. Rxb8+ Bxb8 41.
Rb5 Bc7 42. c4 Kg7 43. a3 Bd8 44. Ka2 Rc8 45. Kb3 Qc6 46. Kc3 Qd7 47. Kd3 Qh3
48. Rb2 Qf1+ 49. Re2 Qxf3 50. Rf2 Qg4 51. Qb5 Qd1+ 52. Bd2 Qg4 53. Qd5 Qh3+ 54.
Be3 Qd7 55. Qb5 Qc7 56. Rb2 Qe7 57. Qd5 Rc7 58. Rb8 Qd7 59. Qa8 Qa4 60. Qd5 Be7
61. Qb5 Qxa3+ 62. Ke2 Qa2+ 63. Kf3 Qh2 64. Qe8 Qh3+ 65. Ke2 Qg2+ 66. Kd3 Qf1+
67. Kd2 Qg2+ 68. Ke1 Qh1+ 69. Kd2 Qg2+ 70. Kc3 Rxc4+ 71. Kxc4 Qxe4+ 72. Kb5 Qd3+
73. Kb6 Qb3+ 74. Kc7 Qc4+ 75. Kb7 Qe4+ 76. Ka6 Qd3+ 77. Kb7 Qe4+ 78. Kc7 Qc4+
79. Qc6 Qe6 80. Ra8 Qf5 81. Rxa5 Qh3 82. Qe4 Qe6 83. Qd5 Qh3 84. Ra3 Qxh4 85.
Qg2 Qb4 86. Qa2 d5 87. Ra6 Qc3+ 88. Kd7 Qxe3 89. Kxe7 Qxg5+ 90. Ke8 Qf5 91. Rc6
e4 92. Qb2+ Kh6 93. Qh2+ Kg7 94. Qb2+ Kh6 95. Qh2+ Kg7 96. Qb2+ 1/2-1/2